Effect of eri-culture on promoting environmental awareness in prey chhor district , kampong cham province, ឥទ្ធិពលនៃការចិញ្ចឹមដង្កូវនាងពូជអេរីលើការជំរុញការយល់ដឹងពីបរិស្ថាន នៅស្រុកព្រៃឈរ ខេត្តកំបង់ចាម (Record no. 6949)

000 -LEADER
fixed length control field 00759nam a22001337a 4500
040 ## - CATALOGING SOURCE
Transcribing agency RUA
082 ## - DEWEY DECIMAL CLASSIFICATION NUMBER
Classification number MNR TAL 2013 B424 Or.1
100 ## - MAIN ENTRY--AUTHOR NAME
Personal name TAL MAKARA ; តាល់ មករា
245 ## - TITLE STATEMENT
Title Effect of eri-culture on promoting environmental awareness in prey chhor district , kampong cham province, ឥទ្ធិពលនៃការចិញ្ចឹមដង្កូវនាងពូជអេរីលើការជំរុញការយល់ដឹងពីបរិស្ថាន នៅស្រុកព្រៃឈរ ខេត្តកំបង់ចាម
260 ## - PUBLICATION, DISTRIBUTION, ETC. (IMPRINT)
Place of publication Phnom Penh
Name of publisher RUA
Year of publication 2013
300 ## - PHYSICAL DESCRIPTION
Number of Pages xi p;54p.
Other physical details ill.
Dimensions 29cm.
856 ## - ELECTRONIC LOCATION AND ACCESS
Uniform Resource Identifier https://drive.google.com/file/d/1XkTiIlFGfCZ6UZbeVXt7-ATVwxwUGbxR/view?usp=sharing
942 ## - ADDED ENTRY ELEMENTS (KOHA)
Koha item type MNR
952 ## - LOCATION AND ITEM INFORMATION (KOHA)
Withdrawn status [LOCAL, KOHA] 0
952 ## - LOCATION AND ITEM INFORMATION (KOHA)
Withdrawn status [LOCAL, KOHA] 0
952 ## - LOCATION AND ITEM INFORMATION (KOHA)
Withdrawn status [LOCAL, KOHA] 0
952 ## - LOCATION AND ITEM INFORMATION (KOHA)
Withdrawn status [LOCAL, KOHA] 0
952 ## - LOCATION AND ITEM INFORMATION (KOHA)
Withdrawn status [LOCAL, KOHA] 0
952 ## - LOCATION AND ITEM INFORMATION (KOHA)
Withdrawn status [LOCAL, KOHA] 0
952 ## - LOCATION AND ITEM INFORMATION (KOHA)
Withdrawn status [LOCAL, KOHA] 0
952 ## - LOCATION AND ITEM INFORMATION (KOHA)
Withdrawn status [LOCAL, KOHA] 0
Holdings
Permanent Location Date acquired Koha item type Lost status Shelving location Barcode Current Location Full call number
Library Block B2016-02-20MNR B424RUA047981Library Block BMNR TAL 2013 B424 Or.1
Library Block B2016-02-20MNR B424RUA049009Library Block BMNR TAL 2013 B424 Or.2
Library Block B2016-02-20MNR B424RUA049238Library Block BMNR TAL 2013 B424 Or.3
Library Block B2016-02-20MNR B424RUA048349Library Block BMNR TAL 2013 B424 Or.4
Library Block B2016-02-20MNR B424RUA051331Library Block BMNR TAL 2013 B424 Or.5
Library Block B2016-02-20MNR B424RUA048460Library Block BMNR TAL 2013 B424 Or.6
Library Block B2016-02-20MNR B424RUA051339Library Block BMNR TAL 2013 B424 Or.7
Library Block B2016-02-20MNR B424RUA049111Library Block BMNR TAL 2013 B424 Or.8
មជ្ឈមណ្ឌលឯការនៃសាកលវិទ្យាល័យភូមិន្ទកសិកម្មចំការដូង

Powered by Koha